Oh! Those Parsis (Record no. 206175)

MARC details
000 -LEADER
fixed length control field 00627cam a22001937i 4500
005 - DATE AND TIME OF LATEST TRANSACTION
control field 20241008162341.0
010 ## - LCCN (DPL NO)
LC control number ENG-141969
020 ## - INTERNATIONAL STANDARD BOOK NUMBER
International Standard Book Number 9789387707887
Terms of availability 500.00
035 ## - SYSTEM CONTROL NUMBER
System control number EN-125501
037 ## - SOURCE OF ACQUISITION
Source of stock number/acquisition DBAD
082 ## - DEWEY DECIMAL CLASSIFICATION NUMBER
Classification number S
100 1# - MAIN ENTRY--PERSONAL NAME
Personal name Desai, Berjis
245 14 - TITLE STATEMENT
Title Oh! Those Parsis
Statement of responsibility, etc By Berjis Desai
Remainder of title A to Z of the Parsi Way of Life/
250 ## - EDITION STATEMENT
Edition statement 1
260 ## - PUBLICATION, DISTRIBUTION, ETC. (IMPRINT)
Place of publication, distribution, etc Chennai
Name of publisher, distributor, etc Zero Degree Publishing
Date of publication, distribution, etc 2019
270 ## - ADDRESS
Address 12/7, Bay line Apartments 2nd cross street, R.K.Nagar
City Thiruvanmiyur, Chennai
Postal code 600041
Telephone number 9840065000
Electronic mail address zerodegreepublishing@gmail.com
300 ## - PHYSICAL DESCRIPTION
Extent 292 pages;
Dimensions 22cm(hb)
942 ## - ADDED ENTRY ELEMENTS (KOHA)
Source of classification or shelving scheme Dewey Decimal Classification
Item type English Books
Classification part S
Call number suffix DES
Holdings
Withdrawn status Lost status Not for loan Collection code Home library Current library Date acquired Source of acquisition Cost, normal purchase price Full call number Barcode Copy number Cost, replacement price Koha item type
    Not For Loan Non-fiction D.B.Act.Division D.B.Act.Division 08/10/2024 Delivery of Books Act Division 500.00 S DES EN-125501 1 500.00 English Books

© Delhi Public Library
Hit Counter
free hit counter